Preaching the gospel in a media saturated world / (Record no. 10035)

MARC details
000 -LEADER
fixed length control field 00632nam a22002177a 4500
003 - CONTROL NUMBER IDENTIFIER
control field GBCCL
005 - DATE AND TIME OF LATEST TRANSACTION
control field 20241126110724.0
008 - FIXED-LENGTH DATA ELEMENTS--GENERAL INFORMATION
fixed length control field 240210b ||||| |||| 00| 0 eng d
020 ## - INTERNATIONAL STANDARD BOOK NUMBER
International Standard Book Number 9789389069143
020 ## - INTERNATIONAL STANDARD BOOK NUMBER
International Standard Book Number 9389069149
040 ## - CATALOGING SOURCE
Transcribing agency gbc
082 ## - DEWEY DECIMAL CLASSIFICATION NUMBER
Classification number 248
Item number AO
100 ## - MAIN ENTRY--PERSONAL NAME
Personal name Ao,I. Lanusenla
9 (RLIN) 17440
245 ## - TITLE STATEMENT
Title Preaching the gospel in a media saturated world /
Statement of responsibility, etc. I. Lanusenla Ao
260 ## - PUBLICATION, DISTRIBUTION, ETC.
Place of publication, distribution, etc. Bangalore, India:
Name of publisher, distributor, etc. Omega Book World,
Date of publication, distribution, etc. 2019
300 ## - PHYSICAL DESCRIPTION
Extent 123 pages ; 21 cm
650 ## - SUBJECT ADDED ENTRY--TOPICAL TERM
Topical term or geographic name entry element Christian life
9 (RLIN) 183
650 ## - SUBJECT ADDED ENTRY--TOPICAL TERM
Topical term or geographic name entry element Christian life
Geographic subdivision India
9 (RLIN) 17441
650 ## - SUBJECT ADDED ENTRY--TOPICAL TERM
Topical term or geographic name entry element Church and social problems
9 (RLIN) 1621
942 ## - ADDED ENTRY ELEMENTS (KOHA)
Source of classification or shelving scheme Dewey Decimal Classification
Koha item type Books
Holdings
Withdrawn status Lost status Source of classification or shelving scheme Damaged status Not for loan Home library Current Library Shelving location Date acquired Total checkouts Full call number Barcode Date last seen Date last checked out Copy number Price effective from Koha item type
    Dewey Decimal Classification     GRACE BIBLE COLLEGE GRACE BIBLE COLLEGE Ministry & Mission 2024-02-10 1 248 AO 015999 2025-05-01 2025-02-19 c.1 2024-02-10 Books
© Grace Bible College Library 2025